15 Największych miast (aglomeracji) w Belgii i Holandii na mapie - Statystyki

Ogólne statystyki
  • Ten quiz został rozwiązany 49 razy
  • Średni wynik to 9 z 15
Odpowiedzi na mapie
Odpowiedzi zakodowano w zielono-czerwonej skali na mapie do tego quizu, zgodnie z poniższymi procentami.
 
Statystyki odpowiedzi
Państwo Miasto Ludność % Poprawnych
Niderlandy Amsterdam 1,1 mln
100%
Belgia Bruksela 2 mln
97%
Niderlandy Haga 850k
97%
Belgia Antwerpia 990k
91%
Niderlandy Rotterdam 870k
91%
Belgia Gandawa 430k
74%
Niderlandy Utrecht 400k
71%
Niderlandy Groningen 220k
65%
Niderlandy Eindhoven 320k
62%
Belgia Liege 550k
59%
Belgia Charleroi 360k
38%
Belgia Kortrijk 220k
24%
Niderlandy Tilburg 220k
21%
Niderlandy Dordrecht 220k
12%
Niderlandy Lejda 270k
9%
Nie znaleziono quizów pasujących do podanych kryteriów
Rozkład punktacji
Procent ludzi z każdym wynikiem
Percentyl według liczby udzielonych odpowiedzi
Twoja historia wyników
Nie rozwiązałeś tego quizu